| 000 | 00445nam a2200157 i 4500 | ||
|---|---|---|---|
| 001 | 31918 | ||
| 003 | ES-MaACL | ||
| 005 | 20230906154456.0 | ||
| 007 | t| | ||
| 008 | 030130s1950 bo ||||1| spa d | ||
| 100 | 1 |
_aBedregal, Yolanda. _927011 |
|
| 245 | 1 | 0 |
_aNadir / _cYolanda Bedregal. |
| 260 |
_a[S.l. : _bs.n., _cs.a] ( _eLa Paz : _fTalleres Editoriales Universo, _g1950) |
||
| 300 |
_a177 p. ; _c19 cm. |
||
| 852 |
_aES-MaACL _jD-5295 _bR.30439 |
||
| 999 |
_c31918 _d31918 |
||